书目信息 |
| 题名: |
道德与法治
|
|
| 作者: | 鲁洁 总主编 ;高德胜 , 陈先凤 册主编 | |
| 分册: | 上册 三年级 | |
| 出版信息: | 北京 人民教育出版社 2018 |
|
| 页数: | 84页 | |
| 开本: | 26cm | |
| 丛书名: | ||
| 单 册: | ||
| 中图分类: | G624.101 , G624.151 | |
| 科图分类: | ||
| 主题词: | 政治课--Zheng Zhi Ke--小学--教材 | |
| 电子资源: | ||
| ISBN: | 978-7-107-32894-7 | |
| 000 | 00817nam0 2200265 450 | |
| 001 | 538622 | |
| 005 | 20241119173827.52 | |
| 010 | @a978-7-107-32894-7@dCNY5.80 | |
| 100 | @a20241025d2018 cemy0chiy50 ea | |
| 101 | 0 | @achi |
| 102 | @aCN@b110000 | |
| 105 | @aa z 000yy | |
| 106 | @ar | |
| 200 | 1 | @a道德与法治@ADao De Yu Fa Zhi@i三年级@h上册@f鲁洁总主编 |
| 210 | @a北京@c人民教育出版社@d2018@h2024重印 | |
| 215 | @a84页@c彩图@d26cm | |
| 300 | @a义务教育教科书 | |
| 606 | 0 | @a政治课@AZheng Zhi Ke@x小学@j教材 |
| 690 | @aG624.101@v5 | |
| 690 | @aG624.151@v4 | |
| 701 | 0 | @a鲁洁@ALu Jie@c(女,@f1930-)@4总主编 |
| 702 | 0 | @a高德胜@AGao De Sheng@f(1969-)@4册主编 |
| 702 | 0 | @a陈先凤@AChen Xian Feng@4编写 |
| 801 | 0 | @aCN@bAHXH@c20241025 |
| 905 | @b214151335@b214151326@b214151317@dG624.151@e2942:3(1)@f3 | |
| 道德与法治.三年级.上册/鲁洁总主编.-北京:人民教育出版社,2018(2024重印) |
| 84页:彩图;26cm |
| 义务教育教科书 |
| ISBN 978-7-107-32894-7:CNY5.80 |
| ● |
| 相关链接 |
|
|
|
|
正题名:道德与法治
索取号:G624.151/2942:3(1)
 
预约/预借
| 序号 | 登录号 | 条形码 | 馆藏地/架位号 | 状态 | 备注 |
| 1 | 1415131 | 214151317 | 教育系资料室/ [索取号:G624.151/2942:3(1)] | 在馆 | |
| 2 | 1415132 | 214151326 | 教育系资料室/ [索取号:G624.151/2942:3(1)] | 在馆 | |
| 3 | 1415133 | 214151335 | 教育系资料室/ [索取号:G624.151/2942:3(1)] | 在馆 |